Word Chain Puzzle #3 - Statistics

General Stats
  • This quiz has been taken 46 times
  • The average score is 5 of 13
Answer Stats
Hint Answer % Correct
B _ _ _ Ball
97%
P _ _ Pit
76%
B _ _ _ Bull
71%
O _ On
56%
F _ _ _ Frog
41%
R _ _ Run
35%
O _ _ Out
29%
A _ _ _ Away
26%
P _ _ _ Pond
26%
G _ _ _ Game
15%
S _ _ _ _ _ Strike
9%
B _ _ _ _ Board
6%
S _ _ _ _ Skate
6%
No matching quizzes found
Score Distribution
Percent of People with Each Score
Percentile by Number Answered
Your Score History
You have not taken this quiz